00604 2200229 4500001002100000005001700021008004100038035002400079082001000103090002000113100001200133245003400145250001100179260004400190300002500234500002700259650003700286850001500323980001500338985000600353999001500359YOGYA-0209000002361920090227023805.0 ind  0010-020900000023619 a385.1 a385.1bGan KlR aGANI, M aKereta api IndonesiacM. Gani aCet. 1 aJakartabDepartemen Penerangan RIc1978 a108 hlmbilusc21 cm aBibliografi : hlm. 108 aKereta api - Indonesia - Sejarah aYOPDYOG(B) a02-22-2007 a1 a06A0020191